MDQL
is popping MORE tags! Check the
thread
!
Quizzes
Events
Quiz Creation
Community
Videos
Private Events
Remove Ads
Sign In
Join for FREE
Feedback
Dark Mode
Quiz Categories
Sports
Geography
Music
Movies
Television
Just For Fun
Miscellaneous
History
Literature
Language
Science
Gaming
Entertainment
Religion
Holiday
For Kids
Quiz Lab
Recent
Popular Today
Quiz Kudos Today
Editor Picks
Curator Picks
Quizzes by...
Day
Popularity
Type
Ratings
Length
Year
Community
Subscriptions
Recent Discussions
Orange Saloon
Badges
Playlists
Quests
Create
Leaderboards
Showdown
Live 5
Trivia Bingo
Activity
Puzzle Library
Sporcle Events
Private Events
Virtual Trivia
Globe League
Become a Host
Pub Owners
SporcleCon
Opinionation
Our Games
Videos
Blog
Mobile Apps
Partnerships
Remove Ads and Go Orange
Feedback
Sports
Athletes
MLB
NBA
NHL
NFL
Soccer
Sports Teams
WWE
NCAA
Football
Premier League
Basketball
Baseball
Hockey
Golf
Tennis
Cricket
Rugby
Auto Racing
Olympics
World Cup
Sports
Athletes
MLB
NBA
NHL
NFL
Soccer
Sports Teams
WWE
NCAA
Football
Premier League
Basketball
Baseball
Hockey
Golf
Tennis
Cricket
Rugby
Auto Racing
Olympics
World Cup
Random Quiz
Search Sporcle
×
Quiz Lab
Quiz Lab
Sports
Hockey
Type in answers that appear in a list
Type in answers that appear in a list
Classic
Best Score? Go Orange.
Icehockey penalties Stats
Can you name the common Icehockey penalties?
By
redapple1981
6m
21 Questions
126 Plays
126 Plays
126 Plays
Comments
Comments
Give Quiz Kudos
Give Quiz Kudos
-
- Ratings
hide this ad
More Info
Forced Order
Answers have to be entered in order
Answers have to be entered in order
Replay
Link that replays current quiz
Next Quiz
Link to next quiz in quiz playlist
You Got
0%
They Got
Avg Score
58%
Avg Friend Score
Upgrade to see
Score Distribution
Jump to the score distribution portion of the page
Score
0/21
Timer
06:00
0
Plays Today
Hint
Penalty
% Correct
A player that push the opponent violently into the boards while the opponent is facing the board
Boarding
93.7%
Using the stick as a hook to slow an opponent
Hooking
86.5%
Grabbing the opponent's body, equipment or clothes with the hands or the stick
Holding
81.7%
Touching an opponent with the stick above shoulder-
level
High-sticking
78.6%
Using a stick or one's body to trip an opponent
Tripping
78.6%
Shooting the puck out of play, holding the puck in the hand etc.
Delay of the game
77.8%
Impeding an opponent that does not have the puck, or any player from the bench
Interference
74.6%
Swinging a stick at an opponent
Slashing
73%
Hitting the opponent with a certain part of the arm
Elbowing
71.4%
Hitting an opponent with a certain part of the leg
Kneeing
63.5%
Hitting an opponent with the stick when it is held with two hands and no part of the stick is on the ice
Cross-checking
61.1%
Hint
Penalty
% Correct
A penalty that leads to 5 minutes is called
Major penalty
57.1%
Having more than 6 players (including the goalkeeper) involved in the game on the ice
Too many men on the ice
56.3%
A penalty that leads to 2 or 4 minutes is called
Minor penalty
54%
Pushing and shoving after the whistle has blown or checking an opponent with the hands in his face
Roughing
50.8%
A scoring opportunity lost as a result of an infraction may lead to this. It can also be used to solve games that are tied after over time too.
Penalty shot
47.6%
Arguing with a referee, making obscene gestures etc.
Unsportsmanlike conduct
38.9%
A player who receives this penalty is ejected and must go to the dressing room, he is charged with ten minutes, but another player from the team will sit 5 minutes
Game misconduct penalty
35.7%
A player who receives this penalty will remain off ice for 10 minutes
Misconduct penalty
29.4%
A player who receives this penalty is ejected. He might have deliberately injured an opponent. He may face hearings and other penalties as well.
Match misconduct penalty
6.3%
This means that a team has more than two players in the penalty box. The third penalty will start when one of the two other expires
Stacked penalty
4.8%
Quiz Playlist
Details
Report
Send in Message
Add To Playlist
More Info:
Identify these common penalties in ice hockey.
Classic:
Type in answers that appear in a list
Forced Order:
Answers have to be entered in order
Last Updated: Feb 16, 2017
Quiz Scoreboard
CHALLENGE
Sign Up to Join the Scoreboard
Show All
Scores
Hide
Comments
May contain spoilers
Recently Published
5x2 Blitz: Bands
by SL_Kpop136
Music
30s
Colored Red Africa Blitz
by spor1
Geography
30s
Find the 'City' Movie
by crazypaving
Movies
60s
More to Explore
Quiz From the Vault
Featured Blog Post
14 Easter Pick-up Lines to Find Eggs With
hide this ad
You Might Also Like...
Tags
Hockey Quiz
Penalty
Today's Top Quizzes in Sports
Browse Sports
hide this ad
Today's Top Quizzes in Hockey
Browse Hockey
Top Contributed Quizzes in Sports
1
Players with Multiple 50 Home Run Seasons
2
Who Needs Fielders?
3
Criteria MLB: Left Handed Sluggers
4
MLB Players with Two .350 Batting Average Seasons
5
Who Hit More Homers?
6
2020 F1 Drivers Logic Puzzle
7
NBA Teammate Connections
8
Premier League Clubs since 2000 (minefield)
9
MLB Teams by First Game
10
Top 10 NHL Goal Scorers of All Time
Explore More
Trending Topics
Harry Potter
Crossword
Marvel
Kpop
Anime
NBA
Disney
WWE
Country
Puzzle
Soccer
Song
The Office
NFL
Pokémon
hide this ad
More By:
redapple1981
Quiz
Plays
Rating
Category
Featured
Created
Harry Potter chain game
5,584
2.74
Literature
Aug 27, 2010
Secret Harry Potter text
5,122
4.38
Literature
Jan 31, 2011
The Nanny
4,174
1.94
Television
Aug 21, 2010
Harry Potter know-it-all
3,897
4.00
Literature
Oct 30, 2010
Peter Pan
1,984
3.00
Literature
Jan 31, 2011
Go to Creator's Profile
Score Distribution
Quiz Creator Spotlight
redapple1981
Follow
Send a Message
Quizzes Created
-
Created Quiz Play Count
-
More By This Creator
Popular Quizzes Today
1
Find the 'City' Movie
2
5x2 Blitz: Bands
3
Colored Red Africa Blitz
4
The Countries of the World
5
Find the US States - No Outlines Minefield
6
Find the US States
7
9x9 Crossword: Cartoon Network
8
US States
More Sports Quizzes
All Italy Players Since 2000
Quiz Lab
Trending Quizzes
Colored Red Africa Blitz II
Colored Red Europe Blitz I
Colored Red Africa Blitz III
Colored Red Europe Blitz II
Colored Red Europe Blitz III
Recently Updated
Champions League XIs: Real Madrid
pecheneg
Largest US Cities 1790-2010
pecheneg
Rides in Walt Disney World
pecheneg
Most Oscar Losses (Acting)
pecheneg
Beyoncé Albums
pecheneg
Leaping Animals
pecheneg
Reality TV Shows (A-Z)
bhenderson79
Rickey Henderson's Hall of Fame Teammates
pecheneg
Champions League XIs: Arsenal
pecheneg
Quick Pick: Celebrities in WWE's Hall of Fame
aduchscher
Trending Topics
Disney
Anime
Marvel
Kpop
Harry Potter
Crossword
NBA
Pokémon
Puzzle
The Office
Soccer
Country
WWE
Song
NFL
Your Account Isn't Verified!
In order to create a playlist on Sporcle, you need to verify the email address you used during registration. Go to your
Sporcle Settings
to finish the process.
Report this User
Report this user for behavior that violates our
Community Guidelines
.
Details:
Send Report
Go to the Sporcle.com Mobile Site →
Comments